[Event "9th Sunway Sitges 2022"]
[Site "Sitges ESP"]
[Date "2022.12.17"]
[Round "6.98"]
[White "Nilssen, Ellen Fredericia"]
[Black "Pipiras, Filipa Fortuna"]
[Result "1/2-1/2"]
[WhiteTitle "WFM"]
[BlackTitle "WFM"]
[WhiteElo "2187"]
[BlackElo "2065"]
[WhiteFideId "1441230"]
[BlackFideId "1944894"]
[EventDate "2022.12.12"]

1. d4 d5 2. c4 e6 3. Nc3 Nf6 4. cxd5 exd5 5. Bg5 c6 6. e3 h6 7. Bh4 Be7 8. Bd3
O-O 9. Qc2 Re8 10. Nge2 a5 11. O-O Na6 12. a3 Nc7 13. f3 Ne6 14. Rad1 b5 15. Bf5
Ba6 16. Bxe6 fxe6 17. e4 b4 18. Na4 b3 19. Qd2 Nxe4 20. fxe4 Bxh4 21. Nc5 Bg5
22. Qe1 e5 23. Nxa6 Rxa6 24. Qf2 exd4 25. Qf7+ Kh8 26. Nxd4 Be3+ 27. Kh1 Bxd4
28. Rxd4 Rxe4 29. Rxe4 dxe4 30. Qe6 Ra8 31. Qxe4 Qd5 32. Qe7 c5 33. h3 c4 34.
Rf3 Rg8 35. Qe3 Rd8 36. Rg3 Qd4 37. Qe7 Rg8 38. Qe2 Rf8 39. Rg4 Qd3 40. Qe5 Rg8
41. Rg3 Qd8 42. Rg6 Kh7 43. Rd6 Qe8 44. Re6 Qc8 45. Qe4+ Kh8 46. Rc6 Qe8 47. Re6
Qc8 48. Qe5 Kh7 49. Re7 Kh8 50. Qxa5 c3 51. Qxc3 Qxc3 52. bxc3 Rc8 53. Rb7 Rxc3
54. Kh2 b2 55. a4 Ra3 56. Rxb2 Rxa4 1/2-1/2

[Event "9th Sunway Sitges 2022"]
[Site "Sitges ESP"]
[Date "2022.12.17"]
[Round "6.99"]
[White "Pousada Garcia, Daniel"]
[Black "Joel Paul Ganta"]
[Result "1-0"]
[WhiteElo "1960"]
[BlackElo "2183"]
[WhiteFideId "2278642"]
[BlackFideId "35066145"]
[EventDate "2022.12.12"]

1. e4 c5 2. Nf3 d6 3. d4 cxd4 4. Qxd4 Nc6 5. Bb5 Bd7 6. Bxc6 Bxc6 7. Nc3 Nf6 8.
Bg5 e6 9. O-O-O Be7 10. Rhe1 O-O 11. e5 dxe5 12. Qh4 Nd5 13. Rxd5 exd5 14. Bxe7
Qc7 15. Bxf8 e4 16. Bxg7 Kxg7 17. Qg5+ Kf8 18. Qf6 Kg8 19. Ne5 Re8 20. Nxc6 bxc6
21. Re3 Re6 22. Rg3+ Kf8 23. Qd4 Qf4+ 24. Qe3 Qd6 25. Qxa7 c5 26. Qa8+ Re8 27.
Qxd5 Qf4+ 28. Qd2 Qf6 29. Nd5 Qe5 1-0

[Event "9th Sunway Sitges 2022"]
[Site "Sitges ESP"]
[Date "2022.12.17"]
[Round "6.100"]
[White "Stanetzek, Carsten"]
[Black "Maloberti, David"]
[Result "1-0"]
[WhiteElo "2172"]
[BlackElo "2050"]
[WhiteFideId "4616634"]
[BlackFideId "620149"]
[EventDate "2022.12.12"]

1. e4 e6 2. d4 d5 3. exd5 exd5 4. Nf3 Bd6 5. c4 Nf6 6. c5 Be7 7. Bd3 O-O 8. O-O
b6 9. Be3 Bg4 10. Nbd2 bxc5 11. dxc5 Nbd7 12. Qc2 c6 13. b4 Qc7 14. Rfe1 Rfe8
15. Rab1 g6 16. h3 Be6 17. Nb3 Nh5 18. Nbd4 Bf6 19. b5 cxb5 20. Nxb5 Qa5 21. Bd2
Qd8 22. g4 Ng7 23. Nd6 Rf8 24. Bf4 h5 25. Nh2 Bd4 26. c6 Ne5 27. Rxe5 Qf6 28.
Qd2 Bxe5 29. Bg5 Bxh2+ 30. Kxh2 Qe5+ 31. Bf4 Qd4 32. Rb4 Qc5 33. Bb5 hxg4 34.
hxg4 Bxg4 35. Be5 f5 36. Rd4 Rae8 37. Nxe8 Rxe8 38. Rxd5 Qa3 39. Qh6 Rxe5 40.
Rxe5 Qd6 41. Bc4+ 1-0

[Event "9th Sunway Sitges 2022"]
[Site "Sitges ESP"]
[Date "2022.12.17"]
[Round "6.101"]
[White "De Santis, Alessio"]
[Black "Moracchini, Margaux"]
[Result "1-0"]
[WhiteTitle "FM"]
[WhiteElo "2159"]
[BlackElo "2046"]
[WhiteFideId "803405"]
[BlackFideId "36018198"]
[EventDate "2022.12.12"]

1. d4 d6 2. Nf3 Nd7 3. e4 c5 4. d5 Ngf6 5. Nc3 g6 6. Be2 Bg7 7. O-O O-O 8. a4 b6
9. h3 a6 10. Bg5 h6 11. Bf4 Ne8 12. Qd2 Kh7 13. Rfe1 Ne5 14. Nxe5 dxe5 15. Be3
f5 16. f3 f4 17. Bf2 Qc7 18. d6 exd6 19. Nd5 Qd8 20. a5 b5 21. Nb6 Rb8 22. Red1
Qc7 23. c4 b4 24. Qd3 Be6 25. Rd2 Bf6 26. Bd1 Be7 27. Ba4 Nf6 28. Bh4 g5 29. Bf2
Kg7 30. Kf1 Rfd8 31. Bc2 Bf8 32. Ke2 Qf7 33. Bb3 Ne8 34. Ke1 Nc7 35. Rad1 Nb5
36. cxb5 Bxb3 37. bxa6 c4 38. Qd5 c3 39. Qxf7+ Kxf7 40. bxc3 bxc3 41. Rd3 Bxd1
42. Kxd1 Be7 43. Rxc3 d5 44. exd5 Bd6 45. a7 Ra8 46. Nxa8 Rxa8 47. Rb3 Ke7 48.
Rb7+ Kf6 49. Rd7 Ba3 50. Bb6 Be7 51. d6 1-0

[Event "9th Sunway Sitges 2022"]
[Site "Sitges ESP"]
[Date "2022.12.17"]
[Round "6.102"]
[White "Tudor, Henry Edward"]
[Black "Baert, Andy"]
[Result "1-0"]
[BlackTitle "FM"]
[WhiteElo "1942"]
[BlackElo "2156"]
[WhiteFideId "2409836"]
[BlackFideId "200107"]
[EventDate "2022.12.12"]

1. d4 Nf6 2. c4 e6 3. Nc3 Bb4 4. Qc2 d6 5. Bg5 Nbd7 6. e3 h6 7. Bh4 b6 8. Bd3
Bxc3+ 9. Qxc3 Bb7 10. f3 Qe7 11. O-O-O e5 12. Bg3 O-O 13. e4 c5 14. d5 a6 15.
Kb1 Rfb8 16. Ne2 b5 17. Bf2 Nb6 18. g4 Bc8 19. Qc1 bxc4 20. Bc2 a5 21. Nc3 a4
22. a3 Rb7 23. Rhg1 Nh7 24. h4 g5 25. hxg5 hxg5 26. Rh1 Nf8 27. Rh5 f6 28. Rdh1
Ng6 29. Rh6 Qg7 30. Nb5 Rd7 31. Nxd6 Rxd6 32. Bxc5 Rd7 33. Bxb6 Nh4 34. R1xh4
gxh4 35. Rxh4 Rb8 36. Ba5 Rdb7 37. Bc3 Rxb2+ 38. Bxb2 c3 39. Qh6 Rxb2+ 40. Kc1
Qxh6+ 41. Rxh6 Kg7 42. g5 Ra2 43. Rxf6 Bh3 44. Rb6 Ra1+ 45. Rb1 Rxa3 46. Rb7+
Kg6 47. Kb1 Kxg5 48. d6 Kf4 49. Rf7+ Ke3 50. Rf5 Rb3+ 51. Bxb3 axb3 52. d7 Bf1
53. d8=Q Bd3+ 54. Qxd3+ Kxd3 55. Rxe5 1-0

[Event "9th Sunway Sitges 2022"]
[Site "Sitges ESP"]
[Date "2022.12.17"]
[Round "6.103"]
[White "Follana Albelda, Lucia"]
[Black "Wecker, Martin"]
[Result "1-0"]
[WhiteElo "1938"]
[BlackElo "2150"]
[WhiteFideId "24516937"]
[BlackFideId "12931462"]
[EventDate "2022.12.12"]

1. e4 c5 2. Nf3 e6 3. d4 cxd4 4. Nxd4 Nc6 5. Nb5 d6 6. c4 Nf6 7. N1c3 a6 8. Nd4
Bd7 9. Be2 Be7 10. Be3 Rc8 11. Rc1 O-O 12. O-O Re8 13. b3 Qa5 14. f3 Bf8 15. Qd2
d5 16. Nxc6 Bxc6 17. Nxd5 Qxd2 18. Nxf6+ gxf6 19. Bxd2 Bc5+ 20. Kh1 Red8 21. Bc3
e5 22. Rfd1 Kf8 23. g4 Kg7 24. Kg2 Kg6 25. h4 Be3 26. Rxd8 Rxd8 27. Rd1 Rxd1 28.
Bxd1 h5 29. Bc2 Bd7 30. gxh5+ Kxh5 31. Be1 b5 32. Bd3 Bc5 33. b4 Bd4 34. Kf1
bxc4 35. Bxc4 Bb5 36. Be2 Bb2 37. a4 Bxa4 38. Bxa6 Bb3 39. Be2 Be6 40. f4+ Bg4
41. f5 Bd4 42. b5 Bc5 43. Bf2 Bb4 44. b6 Bd6 45. b7 Bb8 46. Bxg4+ Kxg4 47. Bg3
Kh5 48. Ke2 Kg4 49. Kd3 1-0

[Event "9th Sunway Sitges 2022"]
[Site "Sitges ESP"]
[Date "2022.12.17"]
[Round "6.104"]
[White "Patil, Harshal"]
[Black "Kholopov, Alexander A."]
[Result "0-1"]
[BlackTitle "FM"]
[WhiteElo "1928"]
[BlackElo "2146"]
[WhiteFideId "45036756"]
[BlackFideId "4148100"]
[EventDate "2022.12.12"]

1. d4 Nf6 2. c4 e6 3. g3 c5 4. d5 exd5 5. cxd5 d6 6. Bg2 g6 7. Nc3 Bg7 8. Nf3
O-O 9. Bf4 Na6 10. Nd2 Nh5 11. Be3 Nc7 12. a4 b6 13. O-O a6 14. Nc4 Rb8 15. Qd2
Qe7 16. Bg5 f6 17. Bh6 Bxh6 18. Qxh6 Rd8 19. Bf3 Ng7 20. Rad1 Bd7 21. Qf4 Nce8
22. Rfe1 Nf5 23. Bg4 g5 24. Qe4 Qxe4 25. Nxe4 Nd4 26. Bh5 Bxa4 27. Rc1 Kg7 28.
Bxe8 Bxe8 29. Ncxd6 Bg6 30. g4 Bxe4 31. Nxe4 Rxd5 32. Kg2 Kg6 33. e3 Nc6 34. Ng3
Ne5 35. Ra1 a5 36. h3 Rd2 37. Ne4 Rxb2 38. Red1 Re8 39. Kg3 Re6 40. Nd6 h5 41.
Nf5 Rb4 42. f4 h4+ 43. Kf2 gxf4 44. Rd8 fxe3+ 45. Kxe3 0-1

[Event "9th Sunway Sitges 2022"]
[Site "Sitges ESP"]
[Date "2022.12.17"]
[Round "6.105"]
[White "Bonoo, Iwan"]
[Black "Saya, Ethan"]
[Result "0-1"]
[BlackTitle "FM"]
[WhiteElo "1925"]
[BlackElo "2138"]
[WhiteFideId "1028367"]
[BlackFideId "26095181"]
[EventDate "2022.12.12"]

1. d4 Nf6 2. Nf3 e6 3. Bf4 d5 4. e3 Bd6 5. Bg3 O-O 6. Bd3 c5 7. c3 Qc7 8. Nbd2
Nbd7 9. O-O Bxg3 10. hxg3 e5 11. e4 dxe4 12. Nxe4 Nxe4 13. Bxe4 Nf6 14. Re1 exd4
15. cxd4 Bg4 16. dxc5 Qxc5 17. Qb3 Be6 18. Qe3 Qxe3 19. Rxe3 Nxe4 20. Rxe4 Rfd8
21. a3 Rac8 22. Rae1 Rc2 23. b4 Ra2 24. R4e3 h6 25. Rc1 Kf8 26. Rce1 Rd6 27. Rc1
Ke7 28. g4 g5 29. Rc7+ Rd7 30. Rec3 Bxg4 31. Rxd7+ Bxd7 32. Rc7 Kd6 33. Rxb7
Rxa3 34. b5 f6 35. b6 a5 36. Nd2 Ra1+ 37. Kh2 Bc6 38. Rf7 Ra4 39. Nb3 Bd5 40. b7
Rb4 41. Rxf6+ Ke7 42. b8=Q Rxb8 43. Nc5 Kxf6 44. Nd7+ Ke7 45. Nxb8 Bb7 0-1

[Event "9th Sunway Sitges 2022"]
[Site "Sitges ESP"]
[Date "2022.12.17"]
[Round "6.106"]
[White "Lorscheid, Gerhard"]
[Black "Schmuck, Corentin"]
[Result "1/2-1/2"]
[WhiteTitle "FM"]
[WhiteElo "2137"]
[BlackElo "2040"]
[WhiteFideId "4606000"]
[BlackFideId "20669569"]
[EventDate "2022.12.12"]

1. Nf3 d5 2. c4 e6 3. b3 Nf6 4. Bb2 Be7 5. g3 O-O 6. Bg2 c5 7. O-O Nc6 8. cxd5
Nxd5 9. Nc3 Bf6 10. Rc1 Nc7 11. Qc2 b6 12. Ng5 Bxg5 13. Bxc6 Rb8 14. Ne4 Be7 15.
Nc3 Bb7 16. Bxb7 Rxb7 17. Qe4 Nd5 18. d4 Rd7 19. dxc5 Bxc5 20. Nxd5 Rxd5 21. Rc2
Qg5 22. e3 Rfd8 23. Kg2 h6 24. h4 Qe7 25. Rfc1 a5 26. Rc4 Rd2 27. R1c2 R2d5 28.
Qf3 e5 29. h5 Qe6 30. g4 Rd1 31. Rc1 1/2-1/2

[Event "9th Sunway Sitges 2022"]
[Site "Sitges ESP"]
[Date "2022.12.17"]
[Round "6.107"]
[White "Harish, Neeraj"]
[Black "Ezquerro Luque, Albert"]
[Result "1/2-1/2"]
[WhiteTitle "CM"]
[WhiteElo "1902"]
[BlackElo "2134"]
[WhiteFideId "30958130"]
[BlackFideId "2276682"]
[EventDate "2022.12.12"]

1. e4 e5 2. Nf3 Nc6 3. Bc4 Bc5 4. O-O d6 5. c3 Bg4 6. d3 a6 7. a4 Qf6 8. b4 Bxf3
9. Qxf3 Qxf3 10. gxf3 Ba7 11. Na3 f5 12. b5 axb5 13. axb5 Na5 14. Be6 f4 15. Nc2
Bb6 16. d4 Ke7 17. Ba2 Nf6 18. dxe5 dxe5 19. Ba3+ Kd7 20. c4 c5 21. Ne1 Ke6 22.
Nd3 Nd7 23. Rfd1 Rhd8 24. Nb2 Bc7 25. Na4 b6 26. Nc3 Nf6 27. Nd5 Nxd5 28. exd5+
Kf6 29. Bb2 Nb7 30. Re1 Ra4 31. Bc3 Rda8 32. Bb3 Ra3 33. Bb2 Rxa1 34. Rxa1 Rxa1+
35. Bxa1 Nd6 36. Kf1 g6 37. Ke2 Nf7 38. Kf1 Kg5 39. Bc2 Kh4 40. Kg2 Bd6 41. Bc3
Kg5 42. Be4 Kf6 43. Bc2 h5 44. Bd3 Nh6 45. h3 Nf5 46. Be2 g5 47. Bb2 Nh4+ 48.
Kg1 g4 49. fxg4 f3 50. Bd3 hxg4 51. hxg4 Kg5 52. Bc1+ Kxg4 53. Bh7 Ng2 54. Bd2
Nf4 55. Bc3 Be7 56. Be4 Ng2 57. Bd2 Nh4 58. Kh2 Nf5 59. Bd3 Nd6 60. Bh6 e4 61.
Bf1 Kf5 62. Kg3 Bg5 63. Bf8 Bf4+ 64. Kh4 Nf7 65. Bh3+ Kf6 66. Kg4 Bd6 67. Bxd6
Nxd6 68. Bf1 Ke5 69. Kg5 Nf5 70. Kg4 Ne7 71. Kg5 Nc8 72. Kg4 Nd6 73. Kg5 Nb7 74.
Kg6 Kd4 75. Kf5 e3 76. fxe3+ Kxe3 77. Ke6 Kf2 78. Bh3 Kg3 79. Bf1 Kf2 80. Bh3
Kg3 81. Bf5 Kf4 82. Bh3 Kg3 83. Bf5 Kf4 1/2-1/2

[Event "9th Sunway Sitges 2022"]
[Site "Sitges ESP"]
[Date "2022.12.17"]
[Round "6.108"]
[White "Mahitosh, Dey"]
[Black "Boixader Arbo, Xavier"]
[Result "1-0"]
[WhiteTitle "FM"]
[WhiteElo "2134"]
[BlackElo "2039"]
[WhiteFideId "25091468"]
[BlackFideId "32067305"]
[EventDate "2022.12.12"]

1. d4 Nf6 2. Nf3 g6 3. c3 Bg7 4. Bf4 d6 5. h3 O-O 6. Nbd2 Nbd7 7. e4 Re8 8. e5
Nd5 9. Bg3 dxe5 10. dxe5 Nc5 11. Be2 Bf5 12. O-O Bh6 13. Nd4 Bd3 14. N2b3 Bxe2
15. Qxe2 Nxb3 16. Nxb3 e6 17. Nc5 b6 18. Ne4 Bg7 19. a3 f5 20. exf6 Nxf6 21. Bh4
h6 22. Rad1 Qe7 23. Bxf6 Bxf6 24. Rd7 Qf8 25. Qg4 g5 26. f4 1-0

[Event "9th Sunway Sitges 2022"]
[Site "Sitges ESP"]
[Date "2022.12.17"]
[Round "6.109"]
[White "Labrovic, Jakov"]
[Black "Devnani, Kush"]
[Result "0-1"]
[WhiteElo "1891"]
[BlackElo "2134"]
[WhiteFideId "14549786"]
[BlackFideId "45093806"]
[EventDate "2022.12.12"]

1. e4 c5 2. d4 cxd4 3. Qxd4 Nc6 4. Qe3 Nf6 5. Nc3 d5 6. exd5 Nxd5 7. Nxd5 Qxd5
8. c4 Qe6 9. Ne2 g6 10. Nf4 Qxe3+ 11. Bxe3 Bg7 12. O-O-O O-O 13. Nd5 b6 14. Bd3
Bb7 15. Bg5 f6 16. Bf4 Rac8 17. Rhe1 e5 18. Bd2 Kf7 19. Kb1 Rfd8 20. f4 f5 21.
g4 e4 22. Bf1 Nd4 23. gxf5 gxf5 24. Ne3 Nf3 25. Re2 Bh6 26. Nxf5 Bxf4 27. Kc2
Nxd2 28. Rexd2 Bxd2 29. Rxd2 Rxd2+ 30. Kxd2 Kf6 31. Nd4 Ke5 32. Ke3 Rf8 33. Bh3
Rd8 34. Bc8 Rxc8 0-1

[Event "9th Sunway Sitges 2022"]
[Site "Sitges ESP"]
[Date "2022.12.17"]
[Round "6.111"]
[White "Ismail, Tamer"]
[Black "Hiren, K G"]
[Result "0-1"]
[WhiteElo "2112"]
[BlackElo "1965"]
[WhiteFideId "2909332"]
[BlackFideId "35053400"]
[EventDate "2022.12.12"]

1. d4 Nf6 2. c4 c5 3. d5 b5 4. cxb5 a6 5. bxa6 e6 6. Nc3 exd5 7. Nxd5 Be7 8. e3
O-O 9. Bc4 Bxa6 10. Qd3 Nxd5 11. Qxd5 Nc6 12. Bxa6 Nb4 13. Qf5 g6 14. Qb1 Qa5
15. Bd2 Qxa6 16. Bxb4 cxb4 17. Ne2 Bf6 18. h4 Rfc8 19. h5 b3 20. hxg6 hxg6 21.
Nc1 Rc2 22. axb3 Rxc1+ 23. Qxc1 Qxa1 0-1

[Event "9th Sunway Sitges 2022"]
[Site "Sitges ESP"]
[Date "2022.12.17"]
[Round "6.112"]
[White "Morais, Miguel Almeida"]
[Black "Hristodorescu, Daniel"]
[Result "1-0"]
[BlackTitle "FM"]
[WhiteElo "1844"]
[BlackElo "2108"]
[WhiteFideId "1960687"]
[BlackFideId "1203100"]
[EventDate "2022.12.12"]

1. d4 Nf6 2. c4 g6 3. Nf3 Bg7 4. g3 O-O 5. Bg2 d6 6. O-O c6 7. Nc3 Qa5 8. e4 Qh5
9. Qc2 a6 10. a4 a5 11. Ne2 e5 12. c5 Bg4 13. Ra3 d5 14. exd5 Nxd5 15. dxe5 Na6
16. Nf4 Nxf4 17. Bxf4 Nb4 18. Qe4 Rad8 19. h3 Bxh3 20. Bxh3 Qxh3 21. Ng5 Qc8 22.
e6 f5 23. Qc4 Rd4 24. Qe2 h6 25. e7 Re8 26. Qe6+ Qxe6 27. Nxe6 Re4 28. Nxg7 Kxg7
29. Bd6 h5 30. f3 Re2 31. Rf2 Re1+ 32. Rf1 Re2 33. Rf2 Re1+ 34. Kg2 Kf7 35. Rf1
Re2+ 36. Rf2 Re1 37. Rd2 Ke6 38. Kf2 Rh1 39. Re2+ Kd7 40. Kg2 Rd1 41. f4 Rd5 42.
Rb3 b6 43. Re5 Rd2+ 44. Kh3 Rc2 45. Kh4 Nd5 46. cxb6 Nxb6 47. Rxb6 Kxd6 48. Rb7
Rc4 49. Kg5 Rxa4 50. Kf6 1-0

[Event "9th Sunway Sitges 2022"]
[Site "Sitges ESP"]
[Date "2022.12.17"]
[Round "6.113"]
[White "Panjer, Sidney"]
[Black "Gayon, Benoit"]
[Result "1-0"]
[WhiteElo "2100"]
[BlackElo "1941"]
[WhiteFideId "16207041"]
[BlackFideId "632040"]
[EventDate "2022.12.12"]

1. Nf3 Nf6 2. c4 c5 3. g3 g6 4. Bg2 Bg7 5. O-O O-O 6. Nc3 Nc6 7. d4 cxd4 8. Nxd4
Nxd4 9. Qxd4 d6 10. Qd2 Rb8 11. b3 b6 12. Bb2 Bb7 13. e4 Qd7 14. Rfe1 Rfe8 15.
h3 Rbd8 16. Rad1 Qc8 17. Nd5 Nxd5 18. exd5 e5 19. dxe6 fxe6 20. Bxg7 Kxg7 21.
Qd4+ Kg8 22. Bxb7 Qxb7 23. Re3 e5 24. Qc3 Rf8 25. Rd5 Qc8 26. Qd3 Qf5 27. Qxf5
Rxf5 28. g4 Rff8 29. Red3 e4 30. Re3 Rf4 31. Rd4 Rdf8 32. Re2 Rf3 33. Kg2 e3 34.
fxe3 R3f6 35. e4 g5 36. Rd5 h6 37. Rf5 Re6 38. Kf3 Rfe8 39. a4 Kg7 40. Re3 R8e7
41. a5 bxa5 42. Rxa5 Kg6 43. Ra6 h5 44. e5 dxe5 45. Rxe6+ Rxe6 46. Ke4 hxg4 47.
hxg4 Re8 48. Kd5 Kf6 49. Rf3+ Kg6 50. c5 e4 51. Re3 Rb8 52. c6 a5 53. c7 Rc8 54.
Kd6 1-0

[Event "9th Sunway Sitges 2022"]
[Site "Sitges ESP"]
[Date "2022.12.19"]
[Round "7.2"]
[White "Petrosyan, Manuel"]
[Black "Yu, Yangyi"]
[Result "1/2-1/2"]
[WhiteTitle "GM"]
[BlackTitle "GM"]
[WhiteElo "2621"]
[BlackElo "2728"]
[WhiteFideId "13300857"]
[BlackFideId "8603820"]
[EventDate "2022.12.12"]

1. d4 Nf6 2. Bf4 d5 3. e3 c5 4. Nf3 Nc6 5. Nbd2 Bg4 6. h3 Bxf3 7. Nxf3 e6 8. c3
Bd6 9. dxc5 Bxc5 10. Bd3 O-O 11. O-O Bd6 12. Bxd6 Qxd6 13. Qe2 Ne5 14. Nxe5 Qxe5
15. Rfd1 Rac8 16. c4 Rfd8 17. Rac1 dxc4 18. Rxc4 g6 19. Rxc8 Rxc8 20. g3 Kg7 21.
a3 h5 22. h4 Rc5 23. Qd2 Qc7 24. Qe1 b6 25. Qe2 Qc6 26. Rd2 Ng4 27. Rc2 Ne5 28.
Rxc5 Qxc5 29. Bb5 Qd5 30. e4 Qd4 31. Kg2 Ng4 32. Qc2 a5 33. Ba6 Nf6 34. f3 Nd7
35. Bb5 Nc5 36. Qc3 Qxc3 37. bxc3 Kf6 38. Kf2 e5 39. Ke3 g5 40. Bc4 gxh4 41.
gxh4 Na4 42. Kd2 Kg6 43. Bd5 Nc5 44. Ke3 Kf6 45. Bc4 Ke7 46. Bd5 Ne6 47. Bxe6
Kxe6 48. c4 Kd6 49. Kd3 Kc5 50. Kc3 Kc6 51. Kc2 b5 52. cxb5+ Kxb5 53. Kb3 a4+ 1/2-1/2

[Event "9th Sunway Sitges 2022"]
[Site "Sitges ESP"]
[Date "2022.12.19"]
[Round "7.3"]
[White "Karthikeyan, Murali"]
[Black "Niemann, Hans Moke"]
[Result "1/2-1/2"]
[WhiteTitle "GM"]
[BlackTitle "GM"]
[WhiteElo "2620"]
[BlackElo "2698"]
[WhiteFideId "5074452"]
[BlackFideId "2093596"]
[EventDate "2022.12.12"]

1. e4 e5 2. Nf3 Nc6 3. Bb5 Nf6 4. O-O Nxe4 5. d4 Nd6 6. dxe5 Nxb5 7. a4 d6 8. e6
Bxe6 9. axb5 Ne5 10. Nd4 Be7 11. f4 Nc4 12. Qe2 Nb6 13. b3 O-O 14. Nxe6 fxe6 15.
Qxe6+ Rf7 16. Bb2 Qd7 17. Qxd7 Nxd7 18. Nc3 Bf6 19. Nd1 Re7 20. g3 d5 21. Bxf6
Nxf6 22. Nf2 Re2 23. c4 Re3 24. Rab1 a5 25. bxa6 Rxa6 26. cxd5 Nxd5 27. Rfe1
Rae6 28. Rxe3 Rxe3 29. Rd1 c6 30. Nd3 Nc3 31. Rd2 Ne4 32. Rd1 Kf7 33. b4 Nc3 34.
Rd2 Nd5 35. Kf2 Re8 36. Ra2 Nc3 37. Ra7 Re7 38. Ne5+ Ke6 39. Ra3 Nd5 40. Rb3 g5
41. Kf3 gxf4 42. gxf4 Rg7 43. Rb1 Kf5 44. Nc4 Re7 45. b5 Nc3 46. bxc6 Nxb1 47.
Nd6+ Ke6 48. cxb7 Nd2+ 49. Kf2 Rxb7 50. Nxb7 Kf5 51. Kg3 Nf1+ 52. Kg2 Nxh2 1/2-1/2

[Event "9th Sunway Sitges 2022"]
[Site "Sitges ESP"]
[Date "2022.12.19"]
[Round "7.4"]
[White "Esipenko, Andrey"]
[Black "Aravindh, Chithambaram VR."]
[Result "0-1"]
[WhiteTitle "GM"]
[BlackTitle "GM"]
[WhiteElo "2678"]
[BlackElo "2607"]
[WhiteFideId "24175439"]
[BlackFideId "5072786"]
[EventDate "2022.12.12"]

1. e4 e5 2. Nf3 Nc6 3. Bb5 f5 4. d3 fxe4 5. dxe4 Nf6 6. O-O Bc5 7. Bxc6 bxc6 8.
Nxe5 O-O 9. Nc3 Ba6 10. Nd3 Bb6 11. Be3 Bxe3 12. fxe3 Qe7 13. Rf3 d6 14. Nf2 Nd7
15. Rf4 Ne5 16. Nd3 Ng6 17. Rf3 Rab8 18. Rb1 Qg5 19. Rg3 Qf6 20. Qe1 Ne5 21.
Nxe5 Qxe5 22. Rf3 Rf6 23. Rxf6 Qxf6 24. h3 Qe5 25. Qd2 Rf8 26. b4 Kh8 27. a4 Bc4
28. Ne2 Qxe4 29. Nf4 Qe5 30. Nd3 Qf6 31. Re1 h6 32. Nf4 Re8 33. Rd1 Re4 34. Nd3
Qe7 35. Re1 Bf7 36. a5 Kg8 37. c3 Qg5 38. Nf4 Qe5 39. Kh1 Qe7 40. Nd3 Qg5 41.
Nf4 a6 42. Rf1 Qe5 43. Re1 Bc4 44. Kg1 c5 45. Ng6 Qf5 46. Nf4 Bf7 47. Nd3 cxb4
48. cxb4 Qg5 49. Kh2 c5 50. bxc5 dxc5 51. Nf4 Qe5 52. Qd8+ Kh7 53. Qf8 Qc7 54.
Rd1 Rxe3 55. Qd6 Qxd6 56. Rxd6 c4 57. Rd7 Kg8 58. Nd5 Re4 59. Nb4 Re5 60. Nxa6
Rxa5 61. Nb4 Rc5 62. Rd8+ Kh7 63. Na6 Rc6 64. Nb4 Rc7 65. Kg1 c3 66. Rd1 c2 67.
Rc1 Bg6 68. Na2 Rf7 69. Rf1 h5 70. h4 Rxf1+ 71. Kxf1 Be4 72. Kf2 Kg6 73. g3 Kf5
74. Nc1 Bd5 75. Ke3 Kg4 76. Kf2 Bc4 77. Kg2 Kf5 78. Kf3 Ke5 79. Ke3 g6 80. Kf3
Kd4 81. Kf4 Bd5 0-1

[Event "9th Sunway Sitges 2022"]
[Site "Sitges ESP"]
[Date "2022.12.19"]
[Round "7.5"]
[White "Dardha, Daniel"]
[Black "Tabatabaei, M. Amin"]
[Result "0-1"]
[WhiteTitle "GM"]
[BlackTitle "GM"]
[WhiteElo "2606"]
[BlackElo "2660"]
[WhiteFideId "240990"]
[BlackFideId "12521213"]
[EventDate "2022.12.12"]

1. d4 Nf6 2. c4 e6 3. g3 Bb4+ 4. Bd2 Be7 5. Bg2 d5 6. Nf3 O-O 7. Qc2 c6 8. O-O
a5 9. Bf4 Nbd7 10. Rd1 a4 11. h4 h6 12. a3 Qa5 13. Nbd2 Nh5 14. e3 Nxf4 15. exf4
Rd8 16. Rac1 Bf8 17. Nf1 dxc4 18. Qxc4 Nb6 19. Qc2 Qf5 20. Rd3 Nd5 21. Ne5 f6
22. Nc4 Qg6 23. Qe2 Bd7 24. Rdd1 Kh8 25. Nfd2 Be8 26. Ne4 b6 27. Kh2 Rab8 28.
Re1 Nc7 29. Rcd1 Qf7 30. Nc3 Nb5 31. Nxb5 cxb5 32. Ne3 b4 33. d5 bxa3 34. bxa3
exd5 35. Bxd5 Qh5 36. Bf3 Qb5 37. Qa2 Qb3 38. Qxb3 axb3 39. Rxd8 Rxd8 40. Rb1
Bf7 41. Bd1 Rd3 42. Be2 Rd2 43. Bc4 Bxc4 44. Nxc4 Rxf2+ 45. Kh3 b5 46. Ne3 Ra2
47. Nf5 b2 48. Nd4 Bxa3 49. Nxb5 Bb4 50. Kg4 Kh7 51. h5 Ra5 52. Nd4 Ra1 53. Rxb2
Bc3 0-1

[Event "9th Sunway Sitges 2022"]
[Site "Sitges ESP"]
[Date "2022.12.19"]
[Round "7.6"]
[White "Korobov, Anton"]
[Black "Tin, Jingyao"]
[Result "1-0"]
[WhiteTitle "GM"]
[BlackTitle "GM"]
[WhiteElo "2662"]
[BlackElo "2562"]
[WhiteFideId "14105730"]
[BlackFideId "5804418"]
[EventDate "2022.12.12"]

1. d4 d5 2. Nf3 Nf6 3. c4 c6 4. Nc3 e6 5. Bg5 h6 6. Bh4 dxc4 7. e4 g5 8. Bg3 b5
9. Be2 Bb7 10. Ne5 Nbd7 11. O-O h5 12. Nxd7 Qxd7 13. Be5 Rh6 14. Qc1 Rg6 15. Qe3
Ng4 16. Bxg4 hxg4 17. b3 f6 18. Bg3 Rd8 19. Rad1 b4 20. Na4 e5 21. Qc1 exd4 22.
Qxc4 Qf7 23. Qd3 Qe6 24. Rc1 Rg7 25. Nc5 Bxc5 26. Rxc5 Re7 27. f3 gxf3 28. gxf3
Kf8 29. e5 f5 30. f4 Rg7 31. fxg5 Rxg5 32. Rf4 Kf7 33. Kf2 Rd7 34. Bh4 Rh5 35.
Qf3 Rh6 36. Rxf5+ Kg8 37. Rf8+ Kg7 38. Rf6 Rxf6 39. exf6+ Kf8 40. Rh5 Qg8 41.
Qf4 Qg6 42. Qb8+ Kf7 43. Re5 Qg8 44. Qxg8+ Kxg8 45. Ke1 Kf7 46. Bg5 c5 47. Rxc5
Be4 48. Kd2 Bb1 49. Kc1 Be4 50. h4 Kg6 51. Rc8 a5 52. Rg8+ Kh7 53. Re8 Rc7+ 54.
Kd2 Bg6 55. Re7+ Rxe7 56. fxe7 Kg7 57. Bf4 Kf6 58. Bc7 a4 59. Bd8 Kf7 60. bxa4
Bb1 61. h5 Bxa2 62. h6 Bb1 63. a5 Be4 64. a6 b3 65. Kc1 d3 66. Ba5 Kxe7 67. Kb2
Kd6 68. a7 1-0

[Event "9th Sunway Sitges 2022"]
[Site "Sitges ESP"]
[Date "2022.12.19"]
[Round "7.7"]
[White "Samant, Aditya S"]
[Black "Cheparinov, Ivan"]
[Result "1/2-1/2"]
[WhiteTitle "IM"]
[BlackTitle "GM"]
[WhiteElo "2470"]
[BlackElo "2688"]
[WhiteFideId "35080580"]
[BlackFideId "2905540"]
[EventDate "2022.12.12"]

1. e4 c5 2. Nf3 e6 3. d4 cxd4 4. Nxd4 Nc6 5. Nc3 a6 6. Nxc6 bxc6 7. Bd3 d5 8.
O-O Nf6 9. Re1 Be7 10. e5 Nd7 11. Qg4 Kf8 12. b3 Bb7 13. Na4 c5 14. c4 d4 15.
Qe2 h5 16. Be4 Qc7 17. Nb2 Rb8 18. Bxb7 Qxb7 19. Bd2 g6 20. Nd3 Kg7 21. Rab1 Qc6
22. Bf4 Rb7 23. Qd2 h4 24. h3 Rh5 25. f3 Bd8 26. Nf2 a5 27. a4 Rb4 28. Nd3 Rb7
29. Nf2 Rb4 30. Nd3 Rb7 1/2-1/2